MCSE/MCSA Implementing a Window Server 2003 Network Infrastucture : Study guide: Exam 70-291
Shranjeno v:
| Glavni avtor: | |
|---|---|
| Format: | Knjiga |
| Jezik: | Undetermined |
| Izdano: |
Emeryville, CA.
McGraw-Hill/Sorborne
2004
|
| Teme: | |
| Oznake: |
Označite
Brez oznak, prvi označite!
|
| Thư viện lưu trữ: | Trung tâm Học liệu Trường Đại học Cần Thơ |
|---|
| LEADER | 00620nam a2200193Ia 4500 | ||
|---|---|---|---|
| 001 | CTU_79710 | ||
| 008 | 210402s9999 xx 000 0 und d | ||
| 082 | |a 005.43768 | ||
| 082 | |b M121 | ||
| 100 | |a McCaw, Rory | ||
| 245 | 0 | |a MCSE/MCSA Implementing a Window Server 2003 Network Infrastucture : | |
| 245 | 0 | |b Study guide: Exam 70-291 | |
| 245 | 0 | |c Rory McCaw, Kenneth Lind | |
| 260 | |a Emeryville, CA. | ||
| 260 | |b McGraw-Hill/Sorborne | ||
| 260 | |c 2004 | ||
| 650 | |a Microsoft Windows (Computer programs),Microsoft Windows Server | ||
| 904 | |i Tuyến | ||
| 980 | |a Trung tâm Học liệu Trường Đại học Cần Thơ | ||